[Event "Barcelona Barri Gotic op 2nd"]
[Site "Barcelona"]
[Date "2013.04.29"]
[Round "3.8"]
[White "Gonzalez Rodriguez, Raul Omar"]
[Black "Castells Briones, Miquel"]
[Result "1-0"]
[WhiteElo "2197"]
[BlackElo "1969"]
[PlyCount "59"]
[EventDate "2013.04.15"]
[EventType "swiss"]
[EventRounds "8"]
[EventCountry "ESP"]
[SourceTitle "EXT 2024"]
[Source "ChessBase"]
[SourceDate "2023.10.10"]
[SourceVersion "1"]
[SourceVersionDate "2023.10.10"]
[SourceQuality "1"]

1. d4 Nf6 2. c4 e6 3. a3 a5 4. Nc3 d5 5. Bg5 Be7 6. Nf3 Nbd7 7. g3 c6 8. cxd5 exd5 9. Bg2 0-0 10. Qc2 Re8 11. Nh4 Nf8 12. Rd1 Ne6 13. Bc1 b5 14. Nf5 Bf8 15. h3 Bd7 16. 0-0 Qb6 17. Qd3 a4 18. Qf3 Kh8 19. g4 b4 20. axb4 Qxb4 21. h4 Nc7 22. Nh6 gxh6 23. Qxf6+ Bg7 24. Qf3 Bxd4 25. Qxf7 Rad8 26. Bxh6 a3 27. e3 Bxc3 28. bxc3 Qxc3 29. Rd4 Ne6 30. Be4 1-0

[Event "Castelldefels op 3rd"]
[Site "Castelldefels"]
[Date "2006.??.??"]
[Round "5"]
[White "Castells Briones, Miquel"]
[Black "Szoen, Dariusz"]
[Result "0-1"]
[WhiteElo "2113"]
[BlackElo "2452"]
[PlyCount "70"]
[EventDate "2006.08.16"]
[EventType "swiss"]
[EventRounds "9"]
[EventCountry "ESP"]
[SourceTitle "CBM 113 Extra"]
[Source "ChessBase"]
[SourceDate "2006.09.14"]
[SourceVersion "1"]
[SourceVersionDate "2006.09.14"]
[SourceQuality "1"]

1. d4 Nf6 2. Bg5 Ne4 3. Bf4 c5 4. d5 Qb6 5. Bc1 e6 6. f3 Nf6 7. c4 Qb4+ 8. Nc3 Qxc4 9. e4 Qb4 10. Bd2 Qb6 11. Nb5 Na6 12. Bf4 d6 13. dxe6 Bxe6 14. Bxd6 0-0-0 15. e5 Ne8 16. a4 Nxd6 17. a5 Qxb5 18. Bxb5 Nxb5 19. Qa4 Nd4 20. Ra3 c4 21. Rc3 Bb4 22. Ne2 Nxe2 23. Kxe2 Bxc3 24. bxc3 Rd3 25. Rb1 Rhd8 26. Kf2 Rxc3 27. Rxb7 Kxb7 28. Qb5+ Kc7 29. Qxa6 Rb3 30. Qxa7+ Kc6 31. Qe7 Rd7 32. Qf8 Kb7 33. Qc5 Ka6 34. f4 Rd2+ 35. Ke1 c3 0-1

[Event "Fincas Mediterranea 2nd"]
[Site "Castelldefels"]
[Date "2005.08.22"]
[Round "6"]
[White "Castells Briones, Miquel"]
[Black "Lerch Gallemi, Jose Maria"]
[Result "0-1"]
[WhiteElo "2101"]
[BlackElo "2267"]
[PlyCount "44"]
[EventDate "2005.08.17"]
[EventType "swiss"]
[EventRounds "9"]
[EventCountry "ESP"]
[SourceTitle "CBM 107 Extra"]
[Source "ChessBase"]
[SourceDate "2005.09.01"]
[SourceVersion "1"]
[SourceVersionDate "2005.09.01"]
[SourceQuality "1"]

1. d4 Nf6 2. Bg5 d5 3. Bxf6 exf6 4. e3 g6 5. g3 h5 6. h4 Bg4 7. Qd3 Bd6 8. Bg2 c6 9. Nd2 Qb6 10. Qb3 0-0 11. Ngf3 Bxf3 12. Bxf3 f5 13. Qd3 Qa6 14. c4 Bb4 15. b3 Nd7 16. Rd1 Nf6 17. 0-0 Qxa2 18. Be2 Ne4 19. Nf3 Nc3 20. Rd2 Qxb3 21. Ne5 dxc4 22. Nxc4 Nxe2+ 0-1

[Event "Fincas Mediterranea 2nd"]
[Site "Castelldefels"]
[Date "2005.08.19"]
[Round "3"]
[White "Milov, Leonid"]
[Black "Castells Briones, Miquel"]
[Result "1-0"]
[WhiteElo "2482"]
[BlackElo "2101"]
[PlyCount "125"]
[EventDate "2005.08.17"]
[EventType "swiss"]
[EventRounds "9"]
[EventCountry "ESP"]
[SourceTitle "CBM 107 Extra"]
[Source "ChessBase"]
[SourceDate "2005.09.01"]
[SourceVersion "1"]
[SourceVersionDate "2005.09.01"]
[SourceQuality "1"]

1. e4 e6 2. d4 d5 3. Nd2 c5 4. Ngf3 Nf6 5. e5 Nfd7 6. c4 Nb6 7. Bd3 cxd4 8. 0-0 Nc6 9. a3 a5 10. cxd5 Nxd5 11. Nc4 Be7 12. Qe2 h6 13. Qe4 Rb8 14. Qg4 Kf8 15. Nxd4 Nxd4 16. Qxd4 b6 17. Rd1 Bb7 18. Qg4 h5 19. Qe2 Bc5 20. Re1 Qh4 21. Be4 Ba6 22. g3 Qh3 23. Bg2 Qf5 24. b3 Nc3 25. Qf3 Qxf3 26. Bxf3 Bxc4 27. bxc4 h4 28. Bd2 hxg3 29. hxg3 Bd4 30. Rac1 Na4 31. Rb1 Ke7 32. Bg5+ f6 33. Bf4 Bxe5 34. Bxe5 fxe5 35. Rxe5 Nc5 36. Kg2 Kf6 37. Re3 Rhd8 38. Be2 Rd2 39. f4 Na4 40. Rb5 Rbd8 41. Kf3 Ra2 42. c5 Nxc5 43. Rxb6 Rc2 44. Rc6 Rd5 45. Kg4 Rdd2 46. Re5 Rxe2 47. Rxe2 Rxe2 48. Rxc5 Ra2 49. Rxa5 Ra1 50. Ra6 Rf1 51. a4 Rf2 52. a5 Rf1 53. Rb6 Rf2 54. a6 Rf1 55. Kh3 Ra1 56. g4 Ra4 57. Kg3 Ra3+ 58. Kf2 Ra4 59. Ke3 Ra3+ 60. Kd4 Ra4+ 61. Kc5 Rxf4 62. Rb4 Rf1 63. Kb6 1-0

[Event "Sitges op 31st"]
[Site "Sitges"]
[Date "2005.07.??"]
[Round "2"]
[White "Castells Briones, Miquel"]
[Black "Borges Matos, Juan R"]
[Result "1-0"]
[WhiteElo "2101"]
[BlackElo "2467"]
[PlyCount "104"]
[EventDate "2005.07.??"]
[EventType "swiss"]
[EventRounds "9"]
[EventCountry "ESP"]
[SourceTitle "EXT 2006"]
[Source "ChessBase"]
[SourceDate "2005.11.24"]
[SourceVersion "1"]
[SourceVersionDate "2005.11.24"]
[SourceQuality "1"]

1. d4 f5 2. g3 Nf6 3. Bg2 g6 4. Nh3 d6 5. d5 Bg7 6. Nf4 Na6 7. c4 Nc5 8. Nc3 a5 9. Nb5 0-0 10. h4 Ng4 11. Nd4 Bd7 12. h5 Ne5 13. hxg6 hxg6 14. b3 c6 15. Rb1 Bf6 16. Ba3 Qb6 17. Bxc5 Qxc5 18. Nde6 Bxe6 19. Nxe6 Qb4+ 20. Kf1 Rf7 21. Qc1 Rh7 22. Rh6 Qb6 23. Bf3 Rc8 24. Kg2 g5 25. Rxh7 Kxh7 26. Nxg5+ Kg6 27. Nh3 Rh8 28. Nf4+ Kg7 29. Bh5 Kg8 30. Qc2 cxd5 31. Qxf5 dxc4 32. Ng6 Qc6+ 33. f3 Rh7 34. Qe6+ Nf7 35. Nf4 c3 36. Bg6 Rg7 37. Bc2 Qc5 38. Rh1 Kf8 39. Qd7 Qc6 40. Qxc6 bxc6 41. Ne6+ Kg8 42. Nxg7 Kxg7 43. f4 d5 44. g4 Kf8 45. Kf3 e5 46. g5 e4+ 47. Kg4 Bd4 48. Kf5 Nd6+ 49. Ke6 Nb5 50. f5 Be3 51. Kf6 Kg8 52. g6 Bd4+ 1-0

[Event "Fincas Mediterranea 1st"]
[Site "Castelldefels"]
[Date "2004.08.22"]
[Round "5"]
[White "Castells Briones, Miquel"]
[Black "Nicora, Paolo"]
[Result "1-0"]
[WhiteElo "2044"]
[BlackElo "2139"]
[PlyCount "66"]
[EventDate "2004.08.18"]
[EventType "swiss"]
[EventRounds "9"]
[EventCountry "ESP"]
[SourceTitle "EXT 2005"]
[Source "ChessBase"]
[SourceDate "2004.11.15"]
[SourceVersion "1"]
[SourceVersionDate "2004.11.15"]
[SourceQuality "1"]

1. d4 d5 2. Nf3 e6 3. c4 c5 4. g3 Nc6 5. Bg2 Nf6 6. 0-0 cxd4 7. Nxd4 Be7 8. cxd5 exd5 9. Nc3 0-0 10. Bf4 Bg4 11. h3 Be6 12. Rc1 Rc8 13. e3 Qd7 14. Kh2 h6 15. Qe2 Rfe8 16. Rfd1 Bf8 17. Qf3 Nxd4 18. exd4 Be7 19. Be5 Red8 20. a4 Nh7 21. Qe2 Bg5 22. f4 Be7 23. f5 Bxf5 24. Nxd5 Bg5 25. Bf4 Bxf4 26. Ne7+ Kf8 27. Rxc8 Rxc8 28. Nxc8 Bb8 29. Re1 Bxg3+ 30. Kxg3 Qxc8 31. Qe7+ Kg8 32. Qe8+ Qxe8 33. Rxe8+ Nf8 1-0